000 00410nam a2200157Ia 4500
003 Ost
005 20260225132558.0
008 260225s9999||||xx |||||||||||||| ||und||
040 _cfsic
041 _afre
082 _a302.23
100 _aB.Kovach/t Rosentiel
_eAuteur
245 0 _aPrincipes du journalisme :
245 0 _bce que les journalistes doivent savoir. /
_cB.Kovach/t Rosentiel
942 _cكتاب
999 _c34563
_d34563